00368nam a2200145Ia 4500003000900000008004100009040001300050040001300063100002600076245008100102250001300183260001200196300000800208490000600216IT-RoPAU120407s9999 xx 000 0 und d aIT-RoPAU cIT-RoPAU aSante Domenico Sfriso aAdhaerere Deo. L'unione con Dio. Filologia e storia di una locuzione biblica aBrescia  aPaideia c cm v1